[Event "Krajský pøebor jednotlivcù KHŠS 2014"]
[Site "Janske Lazne"]
[Date "2014.05.07"]
[Round "2.2"]
[White "Juptner, Jan"]
[Black "Kozusek, Daniel"]
[Result "1-0"]
[WhiteElo "2351"]
[BlackElo "2084"]
[PlyCount "83"]
[EventDate "2014.05.06"]

1. d4 d5 2. c4 c6 3. Nf3 Nf6 4. Nc3 e6 5. Bg5 dxc4 6. e4 b5 7. e5 h6 8. Bh4 g5
9. Nxg5 hxg5 10. Bxg5 Nbd7 11. g3 Bb7 12. Bg2 Qb6 13. exf6 c5 14. d5 O-O-O 15.
O-O Bh6 16. h4 Bxg5 17. hxg5 Ne5 18. Qe2 b4 19. Qxe5 bxc3 20. bxc3 Rxd5 21. Qe2
Rxg5 22. Rab1 Bxg2 23. Rxb6 Bd5 24. f3 Rxg3+ 25. Kf2 Rh2+ 26. Kxg3 Rxe2 27. Ra6
Kb7 28. Ra3 Re5 29. Rb1+ Ka8 30. f4 Rf5 31. Ra5 Rxf6 32. Rxc5 a6 33. Rc8+ Ka7
34. Rc7+ Ka8 35. a4 Rg6+ 36. Kf2 Rg2+ 37. Ke3 Rg3+ 38. Kd4 Rd3+ 39. Kc5 Rxc3
40. Kb6 Kb8 41. Rxf7 Kc8 42. Rg1 1-0

[Event "Krajský pøebor jednotlivcù KHŠS 2014"]
[Site "Janske Lazne"]
[Date "2014.05.07"]
[Round "2.3"]
[White "Pavlicek, Miroslav"]
[Black "Karlik, Vladimir"]
[Result "1/2-1/2"]
[WhiteElo "2022"]
[BlackElo "2271"]
[PlyCount "61"]
[EventDate "2014.05.06"]

1. c4 Nf6 2. Nc3 e5 3. g3 Bc5 4. Bg2 O-O 5. e3 d6 6. Nge2 c6 7. d4 Bb6 8. O-O
Qe7 9. b3 Re8 10. Ba3 e4 11. d5 c5 12. Bb2 Bf5 13. h3 h6 14. g4 Bg6 15. Ng3
Nbd7 16. Rc1 Ba5 17. Nce2 Ne5 18. Nf4 Bh7 19. Bxe5 Qxe5 20. Qc2 a6 21. Rb1 Bb4
22. Nfe2 h5 23. gxh5 Nxh5 24. Nxh5 Qxh5 25. Ng3 Qe5 26. Qc1 Ba5 27. a3 Rac8 28.
Qb2 Qg5 29. Qe2 Bg6 30. Qg4 Qxg4 31. hxg4 1/2-1/2

[Event "Krajský pøebor jednotlivcù KHŠS 2014"]
[Site "Janske Lazne"]
[Date "2014.05.07"]
[Round "2.4"]
[White "Pycha, Patrik"]
[Black "Tazlar, Petr"]
[Result "1/2-1/2"]
[WhiteElo "2013"]
[BlackElo "2200"]
[PlyCount "82"]
[EventDate "2014.05.06"]

1. e4 Nf6 2. e5 Nd5 3. c4 Nb6 4. c5 Nd5 5. Bc4 e6 6. Nc3 Nxc3 7. dxc3 Bxc5 8.
Qg4 Kf8 9. Bg5 Be7 10. Nf3 d5 11. Bd3 h6 12. Bxe7+ Qxe7 13. h4 Nd7 14. Rh3 f5
15. exf6 Nxf6 16. Qf4 e5 17. Nxe5 Bxh3 18. O-O-O Qd6 19. Ng6+ Kf7 20. Qxd6 cxd6
21. Nxh8+ Rxh8 22. gxh3 Re8 23. Rg1 Re5 24. Kd2 Kf8 25. Bg6 Re7 26. Rg3 Nd7 27.
b3 Ne5 28. h5 b6 29. f4 Nxg6 30. Rxg6 Re4 31. Rxd6 Rxf4 32. Rxd5 Rf2+ 33. Ke3
Rxa2 34. Kf4 Ke7 35. c4 Rf2+ 36. Kg4 Rb2 37. Rb5 Rc2 38. Kf5 Rg2 39. h4 Rg3 40.
c5 bxc5 41. Rxc5 Rxb3 1/2-1/2

[Event "Krajský pøebor jednotlivcù KHŠS 2014"]
[Site "Janske Lazne"]
[Date "2014.05.07"]
[Round "2.5"]
[White "Moravec, Vit"]
[Black "Smolej, Lukas"]
[Result "1-0"]
[WhiteElo "2177"]
[BlackElo "2014"]
[PlyCount "200"]
[EventDate "2014.05.06"]

1. e4 Nc6 2. d4 d5 3. Nc3 dxe4 4. d5 Ne5 5. Qd4 Ng6 6. Qxe4 Nf6 7. Qa4+ Bd7 8.
Bb5 a6 9. Bxd7+ Qxd7 10. Qxd7+ Nxd7 11. Nf3 h6 12. Be3 O-O-O 13. O-O-O Nge5 14.
Nxe5 Nxe5 15. b3 Ng4 16. Bd4 Rg8 17. f3 Nf6 18. Be5 e6 19. dxe6 Ba3+ 20. Kb1
fxe6 21. Ne2 Rd5 22. Bb2 Bxb2 23. Kxb2 Rgd8 24. Kc1 Rxd1+ 25. Rxd1 Rxd1+ 26.
Kxd1 e5 27. Kd2 Kd7 28. Kd3 Ke6 29. c4 g5 30. Nc3 Kf5 31. h3 h5 32. Ke3 h4 33.
Nd5 Nxd5+ 34. cxd5 a5 35. a3 b5 36. a4 b4 37. Kd3 Kf4 38. Kc4 Kg3 39. Kc5 Kxg2
40. Kc6 Kxh3 41. Kxc7 g4 42. fxg4 e4 43. g5 e3 44. g6 e2 45. g7 e1=Q 46. g8=Q
Qg3+ 47. Qxg3+ hxg3 48. d6 g2 49. d7 g1=Q 50. d8=Q Qg3+ 51. Kb6 Qxb3 52. Qd7+
Kg2 53. Kxa5 Qc3 54. Qb7+ Kh3 55. Qxb4 Qc7+ 56. Qb6 Qc3+ 57. Ka6 Qc4+ 58. Qb5
Qc8+ 59. Kb6 Qb8+ 60. Kc5 Qc7+ 61. Qc6 Qe5+ 62. Kc4 Qe2+ 63. Kb3 Qd1+ 64. Qc2
Qd5+ 65. Qc4 Qd1+ 66. Kb4 Qd6+ 67. Qc5 Qf4+ 68. Kb3 Qf7+ 69. Ka3 Qf3+ 70. Kb2
Kg4 71. a5 Qe2+ 72. Kb3 Qd3+ 73. Qc3 Qd1+ 74. Kb4 Qd6+ 75. Ka4 Kf5 76. Qc8+ Ke5
77. Kb5 Qd3+ 78. Kb6 Qd6+ 79. Qc6 Qb8+ 80. Qb7 Qd6+ 81. Ka7 Qc5+ 82. Qb6 Qe7+
83. Kb8 Qe8+ 84. Kb7 Kd5 85. a6 Qd7+ 86. Qc7 Qb5+ 87. Ka7 Qe8 88. Kb6 Qe3+ 89.
Kb7 Qb3+ 90. Kc8 Ke6 91. a7 Qa4 92. Kb7 Kf5 93. a8=Q Qb4+ 94. Ka7 Qd4+ 95. Kb8
Kg6 96. Qa6+ Kf5 97. Qca5+ Ke4 98. Qa4 Qxa4 99. Qxa4+ Kd5 100. Kc7 Ke6 1-0

[Event "Krajský pøebor jednotlivcù KHŠS 2014"]
[Site "Janske Lazne"]
[Date "2014.05.07"]
[Round "2.6"]
[White "Rusnak, Jan"]
[Black "Skrivanek, Jan"]
[Result "0-1"]
[WhiteElo "1991"]
[BlackElo "2168"]
[PlyCount "58"]
[EventDate "2014.05.06"]

1. e4 c5 2. c3 e6 3. d4 d5 4. exd5 exd5 5. Nf3 Bd6 6. Be3 c4 7. b3 cxb3 8. Qxb3
Ne7 9. Bd3 Nbc6 10. Qc2 Bg4 11. Nbd2 Rc8 12. Rb1 O-O 13. Bxh7+ Kh8 14. Ng5 f6
15. h4 Qe8 16. Rxb7 Qh5 17. Bd3 fxg5 18. Bxg5 Nb4 19. Qb1 Rxc3 20. Rxb4 Bxb4
21. f3 a5 22. O-O Bd7 23. Re1 Qf7 24. Bxe7 Bxe7 25. Re5 Rfc8 26. Nb3 Qf4 27.
Rh5+ Kg8 28. Bh7+ Kf8 29. Bg6 Rc1+ 0-1

[Event "Krajský pøebor jednotlivcù KHŠS 2014"]
[Site "Janske Lazne"]
[Date "2014.05.07"]
[Round "2.7"]
[White "Haman, Jakub"]
[Black "Stradej, Vlastimil"]
[Result "1/2-1/2"]
[WhiteElo "2151"]
[BlackElo "1993"]
[PlyCount "101"]
[EventDate "2014.05.06"]

1. Nf3 d5 2. g3 Nf6 3. Bg2 c6 4. O-O Bf5 5. d3 e6 6. Nbd2 Be7 7. Nh4 Bg6 8.
Nxg6 hxg6 9. e4 Nbd7 10. Qe2 dxe4 11. Nxe4 Nxe4 12. Qxe4 Nf6 13. Qa4 O-O 14.
Bd2 a6 15. Rad1 Qb6 16. b3 Qb5 17. Qf4 Rac8 18. c4 Qf5 19. Qxf5 gxf5 20. Ba5
Rfe8 21. d4 Bd8 22. Bc3 Ne4 23. Bb2 Ba5 24. Rd3 Nf6 25. Rfd1 Bb6 26. Kf1 Rcd8
27. d5 Ne4 28. dxc6 bxc6 29. f3 Nc5 30. Rxd8 Rxd8 31. Rxd8+ Bxd8 32. Ba3 Bb6
33. Bxc5 Bxc5 34. f4 f6 35. Bxc6 g5 36. Ke2 g4 37. Bg2 Kf7 38. h3 gxh3 39. Bxh3
Ke7 40. Bg2 a5 41. Bb7 Kd6 42. Bc8 Bb4 43. Kf3 Bc5 44. g4 fxg4+ 45. Kxg4 Ba3
46. Kh5 Bc1 47. f5 exf5 48. Bxf5 Kc5 49. Kg6 Bb2 50. Kf7 a4 51. bxa4 1/2-1/2

[Event "Krajský pøebor jednotlivcù KHŠS 2014"]
[Site "Janske Lazne"]
[Date "2014.05.07"]
[Round "2.8"]
[White "Nosek, Jan"]
[Black "Valenta, Vit"]
[Result "0-1"]
[WhiteElo "1770"]
[BlackElo "2137"]
[PlyCount "70"]
[EventDate "2014.05.06"]

1. e4 e5 2. Nf3 Nc6 3. Bc4 Be7 4. d4 d6 5. d5 Nb8 6. Bd3 Nf6 7. c4 O-O 8. h3
Nbd7 9. Nc3 Nh5 10. O-O Nf4 11. Bc2 Bf6 12. Be3 a5 13. a3 Nb6 14. b3 a4 15.
Nxa4 Nxa4 16. bxa4 Qd7 17. Nh2 g6 18. Ng4 Bg7 19. f3 Nh5 20. Bf2 f5 21. Ne3 Qf7
22. Rb1 b6 23. Qd2 Bh6 24. Qb4 Nf4 25. Qd2 fxe4 26. Bxe4 Rxa4 27. Ra1 Qe7 28.
Qc2 Ra5 29. Ng4 Bg7 30. Be3 Qg5 31. Qf2 h5 32. h4 Qe7 33. Nh2 Bf6 34. Bxf4 exf4
35. Rae1 Bxh4 0-1

[Event "Krajský pøebor jednotlivcù KHŠS 2014"]
[Site "Janske Lazne"]
[Date "2014.05.07"]
[Round "2.9"]
[White "Tobiskova, Petra"]
[Black "Kaderabek, Jiri"]
[Result "1/2-1/2"]
[WhiteElo "1591"]
[BlackElo "2123"]
[PlyCount "36"]
[EventDate "2014.05.06"]

1. c4 e5 2. g3 Nf6 3. Bg2 c5 4. Nc3 Nc6 5. e4 Be7 6. d3 d6 7. Nge2 h5 8. Bg5
Be6 9. Qd2 Qd7 10. h3 Nh7 11. Bxe7 Qxe7 12. Nd5 Bxd5 13. exd5 Nd4 14. Nxd4
exd4+ 15. Qe2 Kd7 16. Qxe7+ Kxe7 17. Kd2 h4 18. Rae1+ Kd7 1/2-1/2

[Event "Krajský pøebor jednotlivcù KHŠS 2014"]
[Site "Janske Lazne"]
[Date "2014.05.07"]
[Round "2.10"]
[White "Jedlicka, Lubos"]
[Black "Jina, Lubos"]
[Result "1-0"]
[WhiteElo "2230"]
[BlackElo "1809"]
[PlyCount "89"]
[EventDate "2014.05.06"]

1. c4 e5 2. g3 g6 3. Bg2 Bg7 4. Nc3 Nc6 5. e4 d6 6. Nge2 Nge7 7. d3 Bd7 8. Nd5
Nxd5 9. cxd5 Ne7 10. Qb3 b6 11. Be3 c5 12. dxc6 Nxc6 13. Rc1 Rc8 14. O-O O-O
15. Qa3 Qe7 16. Nc3 Rfd8 17. Nd5 Qe6 18. f4 f5 19. exf5 gxf5 20. Rfe1 Kh8 21.
fxe5 dxe5 22. Bg5 Re8 23. Nf4 Qf7 24. Bd5 Qf8 25. Qxf8+ Rxf8 26. Nh5 Nd4 27.
Rxc8 Rxc8 28. Bf6 Bxf6 29. Nxf6 Bb5 30. Rxe5 Bxd3 31. Kf2 f4 32. gxf4 Nf5 33.
Re8+ Rxe8 34. Nxe8 Ne7 35. Be6 Bf5 36. Bxf5 Nxf5 37. Kf3 Kg8 38. Ke4 Nh4 39.
Nd6 a6 40. b4 Kf8 41. a4 Ng6 42. f5 Ne7 43. f6 Nc6 44. b5 Nb4 45. Kf5 1-0

[Event "Krajský pøebor jednotlivcù KHŠS 2014"]
[Site "Janske Lazne"]
[Date "2014.05.07"]
[Round "2.11"]
[White "Cap, Adam"]
[Black "Rojikova, Lenka"]
[Result "1-0"]
[WhiteElo "2134"]
[BlackElo "1935"]
[PlyCount "73"]
[EventDate "2014.05.06"]

1. e4 c5 2. Nf3 d6 3. g3 g6 4. Bg2 Bg7 5. O-O Nc6 6. c3 e5 7. Re1 Nge7 8. d3
O-O 9. Be3 b6 10. d4 Bb7 11. a4 cxd4 12. cxd4 Rc8 13. Bh3 Rc7 14. d5 Na5 15.
Na3 Bc8 16. Bf1 Bd7 17. b4 Nb7 18. Nb5 Bxb5 19. axb5 Qb8 20. Nd2 f5 21. f3 Nd8
22. Qb3 Nf7 23. Rec1 Rfc8 24. Nc4 Kh8 25. Bd3 Rd8 26. Ra6 Rdc8 27. Rca1 f4 28.
Bd2 Rf8 29. Qa2 Nc8 30. Kg2 g5 31. g4 Bf6 32. Be1 Rb7 33. Bf2 Qc7 34. Qb2 Qd7
35. Nd2 Ne7 36. Qa2 Nc8 37. Ra3 1-0

[Event "Krajský pøebor jednotlivcù KHŠS 2014"]
[Site "Janske Lazne"]
[Date "2014.05.07"]
[Round "2.12"]
[White "Pychova, Nela"]
[Black "Havelka, Petr"]
[Result "1-0"]
[WhiteElo "2034"]
[BlackElo "1871"]
[PlyCount "63"]
[EventDate "2014.05.06"]

1. c4 Nf6 2. Nf3 e6 3. g3 d5 4. b3 Be7 5. Bb2 O-O 6. Bg2 Nbd7 7. O-O c6 8. d3
Qc7 9. Qc2 dxc4 10. bxc4 b6 11. Nbd2 Bb7 12. a4 Rac8 13. Rfc1 Rfd8 14. a5 bxa5
15. Bc3 Bb4 16. Nb3 Nd5 17. Bd2 Bxd2 18. Qxd2 Ne7 19. Nxa5 Ba8 20. c5 Nd5 21.
Ng5 h6 22. Ne4 N7f6 23. Nd6 Rb8 24. Nac4 Ne8 25. Nxe8 Rxe8 26. Nd6 Red8 27. Ra4
Rb3 28. Rca1 Rdb8 29. Rxa7 Rb1+ 30. Bf1 Rxf1+ 31. Kxf1 Rb1+ 32. Kg2 1-0

[Event "Krajský pøebor jednotlivcù KHŠS 2014"]
[Site "Janske Lazne"]
[Date "2014.05.07"]
[Round "2.13"]
[White "Vystrcil, Martin"]
[Black "Framberk, Jan"]
[Result "0-1"]
[WhiteElo "1794"]
[BlackElo "2032"]
[PlyCount "82"]
[EventDate "2014.05.06"]

1. e4 c5 2. Nf3 Nc6 3. d4 cxd4 4. Nxd4 g6 5. Nc3 Bg7 6. Be3 Nf6 7. Bc4 O-O 8.
Bb3 a5 9. a4 Nb4 10. e5 Ne8 11. f4 d6 12. exd6 Nxd6 13. O-O Nf5 14. Nxf5 Bxf5
15. Qe2 h5 16. h3 Qc8 17. Rac1 Ra6 18. Nd5 Nxd5 19. Bxd5 Bxb2 20. Rb1 Qc3 21.
Rf2 Rd8 22. Qd2 Qxd2 23. Rxd2 Rad6 24. Bxf7+ Kxf7 25. Rxd6 Rxd6 26. Rxb2 Be4
27. c3 Rd1+ 28. Kf2 Ra1 29. Bd4 Rxa4 30. Ke3 Bc6 31. g4 Ra1 32. Kf2 a4 33. Re2
Rh1 34. Kg3 Bd5 35. Bc5 e6 36. gxh5 gxh5 37. Rc2 b5 38. Kh4 Kg6 39. c4 Bxc4 40.
Rg2+ Kf5 41. Bd6 Ke4 0-1

[Event "Krajský pøebor jednotlivcù KHŠS 2014"]
[Site "Janske Lazne"]
[Date "2014.05.07"]
[Round "2.14"]
[White "Martinovsky, Miroslav"]
[Black "Kucera, Tomas"]
[Result "1/2-1/2"]
[WhiteElo "1812"]
[BlackElo "2024"]
[PlyCount "133"]
[EventDate "2014.05.06"]

1. Nf3 Nf6 2. d4 d6 3. c4 g6 4. Nc3 Bg7 5. e4 O-O 6. Be2 e5 7. dxe5 dxe5 8.
Qxd8 Rxd8 9. Bg5 Re8 10. O-O-O Na6 11. Nd2 c6 12. f3 Nc5 13. Nb3 Ne6 14. Be3
Bf8 15. Rhe1 Bb4 16. Kc2 b6 17. a3 Be7 18. Rd2 Kg7 19. Red1 Ba6 20. Kb1 Bc8 21.
Kc2 Nh5 22. Bf1 f5 23. exf5 gxf5 24. g4 fxg4 25. fxg4 Nf6 26. h3 h6 27. Rf2 Rb8
28. Bg2 Nd8 29. Ne4 Nxe4 30. Bxe4 Be6 31. Bd3 Nb7 32. Kc3 Nd6 33. Nd2 Red8 34.
Rdf1 Bh4 35. Rg2 Rf8 36. Rxf8 Rxf8 37. Bf5 Bxf5 38. gxf5+ Kh7 39. Bxh6 Rxf5 40.
Be3 Be1 41. b3 Rf3 42. Re2 Ne4+ 43. Kc2 Bxd2 44. Bxd2 Nxd2 45. Rxd2 Kg6 46.
Rd6+ Kf5 47. Rxc6 e4 48. Rc7 Rxh3 49. Rxa7 Rh6 50. Ra6 Kf4 51. c5 Rh2+ 52. Kc3
bxc5 53. Rf6+ Ke5 54. Rf8 Rh3+ 55. Kc4 Rf3 56. Re8+ Kf4 57. b4 cxb4 58. axb4
Rd3 59. b5 Rd1 60. Kc5 Rc1+ 61. Kd6 Rb1 62. Kc6 e3 63. b6 Rc1+ 64. Kd7 Rd1+ 65.
Kc7 Rc1+ 66. Kd7 Rd1+ 67. Kc7 1/2-1/2

[Event "Krajský pøebor jednotlivcù KHŠS 2014"]
[Site "Janske Lazne"]
[Date "2014.05.07"]
[Round "2.15"]
[White "Ptacek, Tomas"]
[Black "Laloucek, Miroslav"]
[Result "1-0"]
[WhiteElo "1996"]
[BlackElo "1812"]
[PlyCount "43"]
[EventDate "2014.05.06"]

1. Nf3 f5 2. d4 Nf6 3. Bf4 e6 4. e3 Bd6 5. Bxd6 cxd6 6. Bd3 Ne4 7. Bxe4 fxe4 8.
Nfd2 d5 9. Qh5+ g6 10. Qh6 Qe7 11. Nc3 b6 12. O-O-O Ba6 13. f4 Nc6 14. h4 O-O-O
15. h5 Rdg8 16. hxg6 Rxg6 17. Qxg6 hxg6 18. Rxh8+ Kc7 19. Rdh1 g5 20. f5 Qf6
21. g4 Kd6 22. Ndxe4+ 1-0

[Event "Krajský pøebor jednotlivcù KHŠS 2014"]
[Site "Janske Lazne"]
[Date "2014.05.07"]
[Round "2.16"]
[White "Vavrinec, Tomas"]
[Black "Svec, Ludek"]
[Result "1-0"]
[WhiteElo "2025"]
[BlackElo "1749"]
[PlyCount "119"]
[EventDate "2014.05.06"]

1. c4 e6 2. Nf3 Nf6 3. g3 b6 4. Bg2 Bb7 5. O-O Be7 6. Nc3 O-O 7. d4 d6 8. Qc2
Nbd7 9. e4 c6 10. e5 Ne8 11. Bf4 d5 12. b3 Rc8 13. Qd2 a6 14. Rfd1 Nc7 15. h4
Re8 16. Nh2 Nf8 17. h5 h6 18. Ng4 Bg5 19. Bxg5 Qxg5 20. Qxg5 hxg5 21. Na4 Nd7
22. Rac1 Red8 23. c5 b5 24. Nb2 a5 25. a3 Ba6 26. b4 Ra8 27. Ra1 Ra7 28. Ra2 a4
29. Nd3 Ne8 30. Re2 Bc8 31. Rde1 Nf8 32. Bh3 Kh7 33. Re3 Re7 34. Bf1 Kh8 35.
Rf3 Kg8 36. Kh2 Kh7 37. Be2 Nd7 38. Bd1 Kh8 39. Bc2 Bb7 40. Rfe3 Nf8 41. Kg2
Bc8 42. Rh1 Bd7 43. Ne1 Nh7 44. Nd3 Kg8 45. Ree1 Nc7 46. Rh2 f5 47. exf6 gxf6
48. Nh6+ Kh8 49. f4 Be8 50. Kf3 Rg7 51. f5 Nf8 52. Ng4 exf5 53. Nxf6 Rf7 54.
Nxe8 Nxe8 55. Ne5 Rf6 56. h6 Kh7 57. g4 Rxh6 58. Bxf5+ Kg7 59. Rxh6 Kxh6 60.
Nf7+ 1-0

[Event "Krajský pøebor jednotlivcù KHŠS 2014"]
[Site "Janske Lazne"]
[Date "2014.05.07"]
[Round "2.17"]
[White "Dungl, Petr"]
[Black "Chalupecky, Vladimir"]
[Result "1/2-1/2"]
[WhiteElo "1889"]
[BlackElo "2006"]
[PlyCount "63"]
[EventDate "2014.05.06"]

1. d4 d6 2. c4 Nf6 3. Nc3 Nbd7 4. g3 e5 5. Bg2 Be7 6. e3 O-O 7. Nge2 c6 8. O-O
Qc7 9. b3 a5 10. Bb2 Re8 11. Rc1 Nf8 12. d5 c5 13. Nb5 Qb8 14. Nec3 Ng6 15. Na4
Bf5 16. Qd2 e4 17. h3 h6 18. g4 Bd7 19. Nb6 Ra6 20. Nxd7 Nxd7 21. Bxe4 Nh4 22.
Bg2 a4 23. f4 axb3 24. axb3 Ra2 25. Rc2 Bf6 26. Bxf6 Rxc2 27. Qxc2 Nxf6 28. Re1
Nxg2 29. Kxg2 Ne4 30. Nc3 Nxc3 31. Qxc3 b5 32. e4 1/2-1/2

[Event "Krajský pøebor jednotlivcù KHŠS 2014"]
[Site "Janske Lazne"]
[Date "2014.05.07"]
[Round "2.18"]
[White "Neubauer, Vilem"]
[Black "Matejovsky, Ondrej"]
[Result "0-1"]
[WhiteElo "1840"]
[BlackElo "1988"]
[PlyCount "86"]
[EventDate "2014.05.06"]

1. f4 d5 2. g3 g6 3. Bg2 Bg7 4. Nf3 c6 5. e3 Nf6 6. O-O O-O 7. Qe1 Bf5 8. d3
Qd7 9. Rf2 Na6 10. Qf1 Nc5 11. h3 Qc7 12. g4 Bd7 13. Nc3 h5 14. g5 Ne8 15. d4
Ne6 16. Qd3 Nd6 17. Nh4 Nd8 18. Bxd5 Bxh3 19. Bb3 Be6 20. e4 Bxb3 21. axb3 Qd7
22. Rg2 e6 23. Be3 a6 24. Rf1 b5 25. Ne2 N8b7 26. Ng3 Rae8 27. c4 Nc8 28. f5
exf5 29. exf5 Rxe3 30. Qd2 Qxd4 31. Qxd4 Bxd4 32. Kh2 Ne7 33. f6 Nc8 34. Nhf5
gxf5 35. Nxf5 Be5+ 36. Kg1 Re4 37. g6 fxg6 38. Rxg6+ Kf7 39. Rg7+ Kxf6 40. Rxb7
Rg8+ 41. Ng7+ Rf4 42. Rxf4+ Bxf4 43. Kf2 Rxg7 0-1

[Event "Krajský pøebor jednotlivcù KHŠS 2014"]
[Site "Janske Lazne"]
[Date "2014.05.07"]
[Round "2.19"]
[White "Sedivy, Martin"]
[Black "Ruzickova, Radka"]
[Result "1-0"]
[WhiteElo "1963"]
[BlackElo "1820"]
[PlyCount "51"]
[EventDate "2014.05.06"]

1. e4 e6 2. d4 d5 3. Nc3 Bb4 4. e5 c5 5. a3 Bxc3+ 6. bxc3 Ne7 7. Qg4 Qc7 8.
Qxg7 Rg8 9. Qxh7 cxd4 10. Ne2 Nbc6 11. f4 Bd7 12. Qd3 dxc3 13. Nxc3 a6 14. Rb1
Nf5 15. g4 Nxe5 16. fxe5 Qxe5+ 17. Ne2 Rxg4 18. Bh3 Rd4 19. Qf3 Nh4 20. Qg3 Qe4
21. O-O Qxe2 22. Be3 Rc4 23. Qg8+ Ke7 24. Rxf7+ Kd6 25. Rxd7+ Kxd7 26. Qxe6+
1-0

[Event "Krajský pøebor jednotlivcù KHŠS 2014"]
[Site "Janske Lazne"]
[Date "2014.05.07"]
[Round "2.20"]
[White "Portych, Vaclav"]
[Black "Bradac, Daniel"]
[Result "1-0"]
[WhiteElo "1818"]
[BlackElo "1947"]
[PlyCount "64"]
[EventDate "2014.05.06"]

1. c4 Nf6 2. Nc3 g6 3. g3 Bg7 4. Bg2 O-O 5. e3 d6 6. d4 Nbd7 7. Nge2 e5 8. O-O
c6 9. b3 Re8 10. Ba3 exd4 11. exd4 d5 12. cxd5 Nxd5 13. Nxd5 cxd5 14. Rc1 Qa5
15. Bc5 Nxc5 16. Rxc5 Qxa2 17. Nc3 Qb2 18. Bxd5 Be6 19. Qf3 Re7 20. Bxb7 Rae8
21. Bc6 Bxd4 22. Bxe8 Bxc5 23. Na4 Bxf2+ 24. Rxf2 Qa1+ 25. Kg2 Rxe8 26. Nc5 Bf5
27. g4 Re1 28. gxf5 Rg1+ 29. Kh3 g5 30. Qa8+ Kg7 31. f6+ Kh6 32. Qf8+ Kh5 1-0

[Event "Krajský pøebor jednotlivcù KHŠS 2014"]
[Site "Janske Lazne"]
[Date "2014.05.07"]
[Round "2.21"]
[White "Peroutka, Ivo"]
[Black "Mares, Ilja"]
[Result "1/2-1/2"]
[WhiteElo "1938"]
[BlackElo "1786"]
[PlyCount "120"]
[EventDate "2014.05.06"]

1. d4 Nf6 2. c4 g6 3. Nc3 Bg7 4. Nf3 O-O 5. Bf4 d6 6. Qc2 c5 7. d5 a5 8. e4 Nh5
9. Bd2 Nd7 10. Be2 Ne5 11. Nxe5 dxe5 12. Bxh5 gxh5 13. Be3 b6 14. Qe2 Bg4 15.
f3 Bd7 16. O-O Qe8 17. Qf2 Kh8 18. Qh4 f6 19. Rad1 Rg8 20. Rd2 Rc8 21. Kh1 Qf7
22. Ne2 f5 23. exf5 Bxf5 24. Ng3 Bg6 25. Bg5 Rc7 26. Re1 h6 27. Be3 Rd7 28. Qh3
Rgd8 29. Ne4 Bf5 30. Qg3 e6 31. dxe6 Bxe6 32. b3 Qe7 33. Qg6 Qf7 34. Qg3 Kh7
35. Qf2 Rxd2 36. Bxd2 Qd7 37. h3 Bf5 38. Bc3 Rf8 39. Ng3 Qe8 40. Qe3 h4 41. Ne4
Qe6 42. Nf2 Re8 43. Ng4 e4 44. Bxg7 Kxg7 45. fxe4 Bxg4 46. hxg4 Qxg4 47. e5 Re6
48. Qf3 Qg3 49. Qb7+ Kg6 50. Rf1 Qxe5 51. Qf7+ Kg5 52. Qg8+ Rg6 53. Qd8+ Kh5
54. Qd7 Qe6 55. Qd3 Rg5 56. Qf3+ Kg6 57. Qf4 h3 58. g3 Re5 59. Rf2 Qf5 60. Qd2
Qe6 1/2-1/2

[Event "Krajský pøebor jednotlivcù KHŠS 2014"]
[Site "Janske Lazne"]
[Date "2014.05.07"]
[Round "2.22"]
[White "Plchot, Miroslav"]
[Black "Tsapanidis, Vasilis"]
[Result "1-0"]
[WhiteElo "1932"]
[BlackElo "1779"]
[PlyCount "73"]
[EventDate "2014.05.06"]

1. e4 e6 2. d4 d5 3. c4 dxe4 4. Nc3 Nf6 5. Bg5 Be7 6. Nge2 O-O 7. Qb3 Nbd7 8.
O-O-O c6 9. Ng3 h6 10. Bf4 b6 11. Ncxe4 Nxe4 12. Nxe4 Nf6 13. Qf3 Nxe4 14. Qxe4
Bg5 15. Bxg5 Qxg5+ 16. f4 Qf6 17. Bd3 g6 18. g4 Rd8 19. Bc2 Bd7 20. h4 Qg7 21.
h5 g5 22. fxg5 Qxg5+ 23. Kb1 Qg7 24. g5 hxg5 25. d5 cxd5 26. cxd5 f5 27. Qe3 e5
28. Rdg1 f4 29. Qe4 Re8 30. h6 Qf6 31. Qh7+ Kf8 32. Qxd7 Re7 33. Qg4 e4 34. h7
Kg7 35. Rh5 Kh8 36. Rxg5 Qf7 37. Rg8+ 1-0

[Event "Krajský pøebor jednotlivcù KHŠS 2014"]
[Site "Janske Lazne"]
[Date "2014.05.07"]
[Round "2.23"]
[White "Kabelka, Ondrej"]
[Black "Stanek, Petr"]
[Result "0-1"]
[WhiteElo "1785"]
[BlackElo "1911"]
[PlyCount "70"]
[EventDate "2014.05.06"]

1. d4 d5 2. c4 c6 3. Nf3 Nf6 4. Nc3 e6 5. Bg5 Nbd7 6. e3 Qa5 7. Bxf6 Nxf6 8.
Qc2 Bb4 9. Rc1 O-O 10. cxd5 Nxd5 11. Bd3 Bxc3+ 12. bxc3 h6 13. O-O Qc7 14. e4
Nf4 15. Bc4 b5 16. Bb3 c5 17. Qd2 Bb7 18. Bc2 Rfd8 19. e5 Bxf3 20. gxf3 Qxe5
21. dxe5 Rxd2 22. Be4 Rad8 23. Ra1 Ne2+ 24. Kg2 Nxc3 25. Bc6 b4 26. a3 Rc8 27.
Be4 Nxe4 28. fxe4 b3 29. Rab1 b2 30. Kf3 c4 31. Ke3 Rcd8 32. Kf4 c3 33. h4 Rb8
34. Ke3 Rb3 35. a4 Rd8 0-1

[Event "Krajský pøebor jednotlivcù KHŠS 2014"]
[Site "Janske Lazne"]
[Date "2014.05.07"]
[Round "2.24"]
[White "Kotyza, Bohumil"]
[Black "Mladek, Richard"]
[Result "1-0"]
[WhiteElo "1905"]
[BlackElo "1610"]
[PlyCount "99"]
[EventDate "2014.05.06"]

1. d4 Nf6 2. Nf3 g6 3. Bf4 Bg7 4. c3 d6 5. Nbd2 Nbd7 6. e4 c5 7. Bc4 a6 8. a4
O-O 9. O-O Qc7 10. Rc1 Qa5 11. dxc5 dxc5 12. Qb3 e6 13. Be2 Qb6 14. Qa3 Qc6 15.
Bd3 Rd8 16. Bc2 c4 17. a5 b5 18. axb6 Nxb6 19. Be3 Rb8 20. Ne5 Qb5 21. Bxb6
Qxb6 22. Ndxc4 Qc7 23. Qa4 Bb7 24. Rfe1 Bh6 25. Rcd1 Rxd1 26. Rxd1 Bxe4 27.
Bxe4 Nxe4 28. Qxa6 Qc5 29. Rd4 Nxc3 30. Rd7 Bf4 31. Nxf7 Ne4 32. Nh6+ Kh8 33.
Ng4 Qf5 34. Qa7 Ng5 35. Qd4+ e5 36. Rd8+ Rxd8 37. Qxd8+ Kg7 38. Qd1 Nf7 39. g3
Bg5 40. Nge3 Qe4 41. Qd5 Qd4 42. b3 Bf6 43. b4 Qc3 44. b5 Qa1+ 45. Kg2 Qa7 46.
b6 Qb8 47. Qc6 Bd8 48. b7 Be7 49. Qc8 Bd6 50. Nxd6 1-0

[Event "Krajský pøebor jednotlivcù KHŠS 2014"]
[Site "Janske Lazne"]
[Date "2014.05.07"]
[Round "2.25"]
[White "Sadil, Jan"]
[Black "Peniska, Pavel"]
[Result "0-1"]
[WhiteElo "1723"]
[BlackElo "1905"]
[PlyCount "112"]
[EventDate "2014.05.06"]

1. d4 Nf6 2. c4 e5 3. dxe5 Ng4 4. Nf3 Nc6 5. Bf4 Bb4+ 6. Nbd2 Qe7 7. e3 Ngxe5
8. Nxe5 Nxe5 9. Be2 O-O 10. O-O Bxd2 11. Qxd2 d6 12. Qc3 Ng6 13. Bg3 Bf5 14.
Rad1 Rfe8 15. Bf3 Be4 16. Bxe4 Qxe4 17. Rd4 Qc6 18. Rfd1 Re7 19. b3 Rae8 20.
Qd3 Re4 21. Rxe4 Rxe4 22. f3 Re8 23. e4 h5 24. Qd5 h4 25. Qxc6 bxc6 26. Bf2 c5
27. Rd2 f6 28. h3 Kf7 29. Kf1 Rb8 30. Ke1 Ke6 31. Kd1 Rh8 32. Be3 Ne7 33. Rb2
Nc6 34. Bd2 a5 35. a4 Ra8 36. Bc3 g5 37. Kd2 Rb8 38. Kd3 Ne5+ 39. Ke3 f5 40.
Bxa5 Nxc4+ 41. bxc4 Rxb2 42. exf5+ Kxf5 43. Bxc7 Ke5 44. a5 Rxg2 45. Bd8 d5 46.
cxd5 Kxd5 47. a6 Ra2 48. Bxg5 Rxa6 49. Bxh4 Rh6 50. Be1 Rxh3 51. Bc3 c4 52. Bb4
Rh2 53. Bd2 Rg2 54. f4 Rg3+ 55. Ke2 Ke4 56. Kd1 Kd3 0-1

[Event "Krajský pøebor jednotlivcù KHŠS 2014"]
[Site "Janske Lazne"]
[Date "2014.05.07"]
[Round "3.1"]
[White "Skrivanek, Jan"]
[Black "Juptner, Jan"]
[Result "1/2-1/2"]
[WhiteElo "2168"]
[BlackElo "2351"]
[PlyCount "103"]
[EventDate "2014.05.06"]

1. Nf3 Nf6 2. g3 d5 3. Bg2 c6 4. O-O Bg4 5. d3 Nbd7 6. Qe1 e5 7. e4 dxe4 8.
dxe4 Bc5 9. Nbd2 O-O 10. Nc4 Qe7 11. Nh4 Rfd8 12. a4 Ne8 13. b3 Nc7 14. Ne3 Bh5
15. Nhf5 Qf8 16. Kh1 Ne6 17. Bb2 Nd4 18. f4 f6 19. g4 Bf7 20. g5 fxg5 21. fxe5
Nxe5 22. Qg3 Ng6 23. Rad1 Ne2 24. Qxg5 Rxd1 25. Nxd1 Qd8 26. Nh6+ gxh6 27. Qxc5
Qh4 28. Qe3 Ngf4 29. Nf2 Bh5 30. Nd3 Rf8 31. Nxf4 Rxf4 32. Rxf4 Nxf4 33. Qc3
Qg5 34. Qh8+ Kf7 35. Qxh7+ Ke6 36. Qg7 Bd1 37. Qxg5 hxg5 38. Bf1 Bf3+ 39. Kg1
Bxe4 40. Bd4 a6 41. c3 Bd5 42. c4 Be4 43. b4 Kf5 44. b5 Bd3 45. bxa6 bxa6 46.
Be3 Ke4 47. Bxf4 gxf4 48. Bxd3+ Kxd3 49. Kf2 Kxc4 50. h4 Kd5 51. h5 Ke5 52. Kf3
1/2-1/2